000
00250nam a2200109Ia 4500
008
190216s9999||||xx |||||||||||||| ||und||
100
_a
Bhattacharya
245
0
_a
First Course In Group Theory
260
_b
Null
650
_a
Mathematics
942
_c
BK
999
_c
30634
_d
30634